Score 0/65 Timer 07:00
14 Plays Today
Decade Name % Correct
1880sMary
94.2%
1890sMary
94.2%
1900sMary
94.2%
1910sMary
94.2%
1920sMary
94.2%
1930sMary
94.2%
1940sMary
94.2%
1950sMary
94.2%
1960sMary
94.2%
1970sMary
94.2%
1980sMary
94.2%
1880sMargaret
74.4%
1890sMargaret
74.4%
1900sMargaret
74.4%
1910sMargaret
74.4%
1920sMargaret
74.4%
1930sMargaret
74.4%
1940sMargaret
74.4%
1950sMargaret
74.4%
1950sMaria
74.1%
1960sMaria
74.1%
1970sMaria
74.1%
1980sMaria
74.1%
2000sMaria
74.1%
1960sMelissa
66.8%
1970sMelissa
66.8%
1980sMelissa
66.8%
1990sMelissa
66.8%
1890sMarie
66%
1900sMarie
66%
1910sMarie
66%
1920sMarie
66%
1930sMarie
66%
Decade Name % Correct
1940sMarie
66%
1960sMichelle
61.6%
1970sMichelle
61.6%
1980sMichelle
61.6%
1990sMichelle
61.6%
1980sMegan
58.4%
1990sMegan
58.4%
2000sMegan
58.4%
2000sMadison
57.7%
1990sMadison
57.7%
1880sMartha
57.1%
1900sMartha
57.1%
1910sMartha
57.1%
1930sMartha
57.1%
1940sMartha
57.1%
1950sMartha
57.1%
1990sMorgan
38.9%
2000sMorgan
38.9%
1970sMonica
38.7%
1880sMabel
36.5%
1890sMabel
36.5%
1880sMinnie
36.4%
1890sMinnie
36.4%
2000sMia
35.7%
1930sMarilyn
33%
1940sMarilyn
33%
1950sMarilyn
33%
1900sMildred
32.5%
1910sMildred
32.5%
1920sMildred
32.5%
1920sMarjorie
26.1%
1960sMichele
25.6%

You're not logged in!

Compare scores with friends on all Sporcle quizzes.
OR
Log In

Sporcle TV

Today on Sporcle TV


Watch our educational content, quiz creation guides, and fun videos on Sporcle TV.

Show Comments

Extras

Top Quizzes Today


Score Distribution

Your Account Isn't Verified!

In order to create a playlist on Sporcle, you need to verify the email address you used during registration. Go to your Sporcle Settings to finish the process.

Report this User

Report this user for behavior that violates our Community Guidelines.

Details: